000 00830nam a2200241 i 4500
001 144784
003 ES-MaACL
005 20250725062539.0
007 t|
008 070214s1951 ag r ||||1| spa d
100 1 _aSlater, John C.
_9106770
245 1 0 _aIntroducción a la Física teórica /
_cJohn C. Slater y Nathaniel H. Frank ; traducido del original inglés por Rafael Grinfeld.
250 _a1ª ed.
260 _aBuenos Aires :
_bEspasa-Calpe,
_c1951 (
_fCompañía General Fabril Financiera)
300 _a2 t. ;
_c20 cm.
490 1 _aNueva ciencia, nueva técnica
650 0 7 _aFísica
_2embne
_912877
700 1 _aFrank, Nathaniel H.
_952309
700 1 _aGrinfeld, Rafael.
_960071
830 0 _aNueva ciencia, nueva técnica
_9181572
852 _aES-MaACL
_jD-5891-92
_bR.32090
999 _c144784
_d144784